[Event "Reykjavik Open 2018"]
[Site "Reykjavik ISL"]
[Date "2018.03.14"]
[Round "9.83"]
[White "Mancini, Giustino"]
[Black "Flynn, Jacob"]
[Result "0-1"]
[WhiteElo "1905"]
[BlackElo "1710"]
[WhiteFideId "806285"]
[BlackFideId "2509393"]
[EventDate "2018.03.06"]
[EventType "swiss"]

1. e4 c6 2. d4 d5 3. Nc3 dxe4 4. Nxe4 Bf5 5. Ng3 Bg6 6. h4 h6 7. Nh3 Nf6 8. Bc4
Nd5 9. O-O e6 10. h5 Bh7 11. Re1 Be7 12. Bb3 O-O 13. c4 Nf6 14. Be3 Re8 15. Qf3
Nbd7 16. Rad1 Nb6 17. Nf4 Bf8 18. Nd3 Nbd7 19. Bd2 a5 20. Bc3 a4 21. Bc2 Nb6 22.
b3 axb3 23. Bxb3 Qc7 24. Re3 Red8 25. Rde1 Ne8 26. Ne4 Na4 27. Bb4 Bxb4 28. Nxb4
Rxd4 29. Nc2 Bxe4 30. Rxe4 Rxe4 31. Rxe4 Nc5 32. Rg4 Nxb3 33. axb3 Qe5 34. Re4
Qg5 35. Rf4 e5 36. Rxf7 Nf6 37. Rxb7 Qc1+ 38. Kh2 Qxc2 39. Qg3 Nxh5 40. Qxe5 Qg6
41. Re7 Nf6 42. Qe6+ Kh7 43. Kh3 Ra1 44. g3 Qh5+ 0-1

[Event "Reykjavik Open 2018"]
[Site "Reykjavik ISL"]
[Date "2018.03.14"]
[Round "9.87"]
[White "Briem, Stephan"]
[Black "Gardarsson, Hordur"]
[Result "1-0"]
[WhiteElo "1841"]
[BlackElo "1647"]
[WhiteFideId "2312506"]
[BlackFideId "2303604"]
[EventDate "2018.03.06"]
[EventType "swiss"]

1. d4 Nf6 2. c4 e6 3. Nf3 Bb4+ 4. Bd2 Bxd2+ 5. Nbxd2 d5 6. e3 O-O 7. Bd3 Nbd7 8.
cxd5 exd5 9. Rc1 Re8 10. Qc2 c6 11. O-O Nf8 12. b4 a6 13. a4 Bg4 14. Qb3 Ne6 15.
b5 axb5 16. axb5 Bxf3 17. Nxf3 Rc8 18. bxc6 bxc6 19. Bf5 Nd7 20. Rc3 Qf6 21. Bd3
Ng5 22. Nxg5 Qxg5 23. Qc2 Qh6 24. Rc1 Nb8 25. Rc5 g6 26. Bb5 Re6 27. Ba4 Rce8
28. Bxc6 Na6 29. Bxe8 Nxc5 30. Qxc5 Rxe8 31. Qxd5 Rxe3 32. Rc8+ Kg7 33. fxe3
Qxe3+ 34. Kf1 Qd3+ 35. Kf2 Qd2+ 36. Kg3 Qe3+ 37. Qf3 Qg5+ 38. Kf2 Qd2+ 39. Kf1
Qxd4 40. Rc1 1-0

[Event "Reykjavik Open 2018"]
[Site "Reykjavik ISL"]
[Date "2018.03.14"]
[Round "9.89"]
[White "Ebner, Johann"]
[Black "Jonsson, Sveinbjorn"]
[Result "0-1"]
[WhiteElo "2070"]
[BlackElo "1682"]
[WhiteFideId "1603957"]
[BlackFideId "2303248"]
[EventDate "2018.03.06"]
[EventType "swiss"]

1. d4 g6 2. Nf3 Bg7 3. c4 d6 4. e4 Nd7 5. Nc3 c6 6. Bd3 e5 7. d5 Ne7 8. O-O O-O
9. Bc2 c5 10. Ne1 f5 11. Bg5 fxe4 12. Nxe4 Nf6 13. f3 Nf5 14. Nxf6+ Bxf6 15.
Bxf6 Qxf6 16. Bxf5 Bxf5 17. Nc2 Rf7 18. Ne3 Bd7 19. Qb3 b6 20. a4 Raf8 21. Qc3
Qg5 22. b3 Rxf3 23. Rxf3 Rxf3 24. Re1 Rf6 25. Nf1 Qf4 26. Qf3 h5 27. Qxf4 Rxf4
28. Ng3 Bf5 29. Re3 Kg7 30. Nxf5+ Rxf5 31. g3 g5 32. Kg2 g4 33. h3 Kf6 34. hxg4
hxg4 35. Re4 Rf3 36. Rxg4 Rxb3 37. Rg8 Rb4 38. Rd8 Ke7 39. Rh8 Rxa4 40. Rh7+ Kf8
41. Rd7 Rxc4 42. Rxd6 Rd4 43. Kf3 c4 44. Re6 Rxd5 45. Ke4 Rc5 46. Kf5 c3 47. Kf6
c2 48. Rd6 Ke8 0-1

[Event "Reykjavik Open 2018"]
[Site "Reykjavik ISL"]
[Date "2018.03.14"]
[Round "9.91"]
[White "Haraldsson, Haraldur"]
[Black "Steingrimsson, Karl Egill"]
[Result "1/2-1/2"]
[WhiteElo "1963"]
[BlackElo "1659"]
[WhiteFideId "2311100"]
[BlackFideId "2304791"]
[EventDate "2018.03.06"]
[EventType "swiss"]

1. e4 c5 2. Nf3 Nc6 3. c3 a6 4. d4 cxd4 5. cxd4 e6 6. d5 Bb4+ 7. Bd2 Bxd2+ 8.
Qxd2 Na7 9. Nc3 d6 10. Bd3 e5 11. h3 Nf6 12. g4 Bd7 13. a4 b5 14. O-O O-O 15.
axb5 Nxb5 16. Ne2 h6 17. Ng3 Qb6 18. Nf5 Bxf5 19. gxf5 Nh5 20. Qe3 Qb7 21. Kh2
Nf4 22. Rg1 Kh8 23. Rg4 Rg8 24. Nh4 Qe7 25. Ng2 Nxg2 26. Rxg2 Qf6 27. Rgg1 Rab8
28. Rg3 Nd4 29. Rxa6 Rxb2 30. Kg2 1/2-1/2

[Event "Reykjavik Open 2018"]
[Site "Reykjavik ISL"]
[Date "2018.03.14"]
[Round "9.92"]
[White "Hrafnsson, Hreinn"]
[Black "Van den Bersselaar, Henri"]
[Result "0-1"]
[WhiteElo "1637"]
[BlackElo "1956"]
[WhiteFideId "2304686"]
[BlackFideId "1022032"]
[EventDate "2018.03.06"]
[EventType "swiss"]

1. d4 d5 2. c4 c6 3. e3 e6 4. Nf3 Bd6 5. Nc3 f5 6. c5 Bc7 7. Be2 Nd7 8. O-O Ngf6
9. Ng5 Qe7 10. f4 O-O 11. Nf3 b6 12. b4 a5 13. b5 bxc5 14. bxc6 Nb8 15. Ba3 Bd6
16. Nb5 Ne4 17. Nxd6 Qxd6 18. Rc1 Na6 19. Bxc5 Naxc5 20. dxc5 Nxc5 21. Qc2 Ne4
22. Bb5 Qa3 23. Qb3 Qxb3 24. axb3 Rb8 25. Ba4 h6 26. Ne5 Rb4 27. Rfd1 g5 28. g3
Nd6 29. Rc5 Re4 30. Kf2 Rxa4 31. bxa4 Ne4+ 32. Ke1 Nxc5 33. Rc1 Na6 34. Nd7 Rf7
35. Nb6 Rc7 36. Na8 Re7 37. Nb6 Re8 38. Nd7 Kf7 39. Ne5+ Kf6 40. Rc3 Rd8 41. Ke2
d4 42. Rd3 Nc5 43. c7 Rd5 44. Rxd4 Rxd4 45. exd4 Nxa4 46. Nc6 Nb6 47. Kd3 a4 48.
Kc2 Bd7 49. Ne5 Ke7 50. Kb2 Be8 51. fxg5 hxg5 52. h4 gxh4 53. gxh4 Kd6 54. c8=Q
Nxc8 0-1

[Event "Reykjavik Open 2018"]
[Site "Reykjavik ISL"]
[Date "2018.03.14"]
[Round "9.95"]
[White "Briem, Benedikt"]
[Black "Chan, Daniel"]
[Result "0-1"]
[WhiteElo "1560"]
[BlackElo "1816"]
[WhiteFideId "2315432"]
[BlackFideId "142050"]
[EventDate "2018.03.06"]
[EventType "swiss"]

1. f4 e6 2. Nf3 f5 3. e3 Nf6 4. Be2 Be7 5. O-O O-O 6. b3 b6 7. Bb2 Bb7 8. Qe1
Qe8 9. d3 Qg6 10. Nh4 Qh6 11. Bf3 Nc6 12. g3 Rae8 13. Na3 a6 14. Nc4 Nd5 15. Ng2
Ba8 16. c3 Nf6 17. h4 d6 18. e4 d5 19. Nd2 dxe4 20. dxe4 e5 21. exf5 exf4 22.
Kh1 Bc5 23. Qb1 fxg3 24. b4 Bf2 25. Ne4 Ne5 26. Bc1 Bxe4 27. Bxe4 Qh5 28. Bf4
Nxe4 29. Qxe4 Nf7 30. Qc4 g5 0-1

[Event "Reykjavik Open 2018"]
[Site "Reykjavik ISL"]
[Date "2018.03.14"]
[Round "9.96"]
[White "Heidarsson, Arnar"]
[Black "Coffman, Charles Z"]
[Result "0-1"]
[WhiteElo "1557"]
[BlackElo "1814"]
[WhiteFideId "2312875"]
[BlackFideId "2091933"]
[EventDate "2018.03.06"]
[EventType "swiss"]

1. d4 Nf6 2. c4 e6 3. Nc3 Bb4 4. Qc2 Nc6 5. e3 d6 6. Bd2 O-O 7. a3 Bxc3 8. Bxc3
e5 9. dxe5 Nxe5 10. Bxe5 dxe5 11. Bd3 Qe7 12. Bf5 Bxf5 13. Qxf5 Qc5 14. Qc2 b5
15. Rc1 b4 16. a4 Rab8 17. b3 Rbd8 18. Nf3 Rd7 19. Ke2 Rfd8 20. Qf5 Rd3 21. Rhd1
Rxd1 22. Rxd1 Rxd1 23. Qc8+ Qf8 24. Qxf8+ Kxf8 25. Kxd1 Nd7 26. Nd2 Nc5 27. Ke2
f5 28. e4 fxe4 29. Ke3 Ke7 30. h3 h6 31. g3 Ke6 32. g4 g6 33. Ke2 Nd3 34. Ke3
Nf4 35. Nxe4 Nxh3 36. Nc5+ Kd6 37. Ne4+ Kc6 38. Nf6 Ng5 39. Nd5 h5 40. Ne7+ Kd6
41. Nxg6 hxg4 42. Nh4 Ke6 43. Kd3 Nh3 44. Ke3 Ng5 45. Kd3 c5 46. Ke3 Kf6 47. Kd3
Ne6 48. Ke4 Nd4 49. Ng2 Ke6 50. Ne3 Nxb3 51. Nxg4 Nd2+ 52. Kd3 Nb1 53. Ne3 Nc3
54. a5 e4+ 55. Kc2 Ke5 56. Nf1 Ne2 57. Nd2 Nd4+ 58. Kb2 a6 59. Nf1 Nc6 0-1

[Event "Reykjavik Open 2018"]
[Site "Reykjavik ISL"]
[Date "2018.03.14"]
[Round "9.97"]
[White "Morgan, George"]
[Black "Meier, Gerd"]
[Result "0-1"]
[WhiteElo "1536"]
[BlackElo "1804"]
[WhiteFideId "3227340"]
[BlackFideId "4682971"]
[EventDate "2018.03.06"]
[EventType "swiss"]

1. e4 c5 2. Nc3 Nc6 3. f4 g6 4. Nf3 Bg7 5. Bb5 Nd4 6. O-O Nxb5 7. Nxb5 a6 8. Nc3
b5 9. d3 d6 10. Qe1 e6 11. f5 b4 12. Ne2 exf5 13. Nf4 Ne7 14. Qh4 h6 15. Qf2 O-O
16. Kh1 Bb7 17. Re1 Qc7 18. Ng1 Rfe8 19. Re2 Rad8 20. Rb1 d5 21. Be3 d4 22. Bd2
fxe4 23. dxe4 a5 24. a4 Ba6 25. Ree1 g5 26. Nh5 Qc6 27. Nxg7 Kxg7 28. Qg3 Qd6
29. e5 Qg6 30. Rbc1 Nf5 31. Qf2 Bb7 32. Nf3 c4 33. c3 bxc3 34. bxc3 Bxf3 35.
Qxf3 Nh4 36. Qf2 d3 37. Rb1 Rd5 38. Rb6 Re6 39. Rxe6 Qxe6 40. Qe3 Ng6 41. Qe4
Rxe5 42. Qd4 f6 43. Be3 Nf4 44. Qa7+ Kg6 45. h3 Nd5 46. Qa8 Rxe3 47. Rf1 d2 0-1

[Event "Reykjavik Open 2018"]
[Site "Reykjavik ISL"]
[Date "2018.03.14"]
[Round "9.98"]
[White "Tummasarson, Flovin M."]
[Black "Pedersen, Soren Sandmann"]
[Result "0-1"]
[WhiteElo "1303"]
[BlackElo "1794"]
[WhiteFideId "7202431"]
[BlackFideId "30929717"]
[EventDate "2018.03.06"]
[EventType "swiss"]

1. e4 c6 2. d4 d5 3. Nc3 dxe4 4. Nxe4 Bf5 5. Ng3 Bg6 6. h4 h6 7. Nf3 Nd7 8. h5
Bh7 9. Bd3 Bxd3 10. Qxd3 e6 11. Bd2 Ngf6 12. O-O-O Be7 13. Kb1 O-O 14. Rdg1 c5
15. c3 cxd4 16. cxd4 Rc8 17. Ne4 Ng4 18. Ne1 Ndf6 19. Nxf6+ Bxf6 20. Be3 Qc7 21.
Nc2 Rfd8 22. Rf1 e5 23. Qe2 exd4 24. Nxd4 Bxd4 25. Rc1 Qd7 26. Rxc8 Qxc8 27.
Bxd4 Rxd4 28. Rh4 Qd7 29. f3 Rd2 30. Qe4 Qb5 0-1

[Event "Reykjavik Open 2018"]
[Site "Reykjavik ISL"]
[Date "2018.03.14"]
[Round "9.99"]
[White "De Winter, Eric"]
[Black "Kvamme, Ingrid Jodre"]
[Result "1/2-1/2"]
[WhiteElo "1775"]
[BlackElo "1576"]
[WhiteFideId "1033069"]
[BlackFideId "1516981"]
[EventDate "2018.03.06"]
[EventType "swiss"]

1. c4 c5 2. g3 g6 3. Bg2 Bg7 4. Nf3 Nc6 5. O-O Nh6 6. Nc3 Nf5 7. e3 O-O 8. Rb1
b6 9. Ne2 Rb8 10. d4 cxd4 11. exd4 Bb7 12. b3 d5 13. cxd5 Qxd5 14. Ne5 Qd6 15.
Nxc6 Bxc6 16. Bf4 e5 17. Bxc6 Qxc6 18. dxe5 Rbd8 19. Qc1 Qxc1 20. Rbxc1 Rfe8 21.
Bg5 Rc8 22. Rxc8 Rxc8 23. Bf6 Rc2 24. Nc1 Bxf6 25. exf6 Rc6 26. Rd1 Rxf6 27. Rd7
a5 28. Kg2 Rc6 29. Nd3 Rd6 30. Rxd6 Nxd6 31. Kf3 Kg7 32. Ke3 Kf6 33. Kd4 Nb5+
34. Kc4 Nc7 35. a4 Kf5 36. f3 h5 37. h3 g5 38. g4+ hxg4 39. hxg4+ Ke6 40. Kd4 f6
41. f4 Nd5 42. fxg5 fxg5 43. Ne5 Ne7 44. Nc4 Nd5 45. Ne5 Nc7 46. Nf3 Kf6 47. Kc4
Ne6 48. b4 axb4 49. Kxb4 Nf4 50. Kc4 Ng2 51. Kb5 Ne3 52. Kxb6 Nxg4 53. a5 Ne3
54. Nxg5 Nc4+ 55. Kb5 Nxa5 56. Kxa5 Kxg5 1/2-1/2

[Event "Reykjavik Open 2018"]
[Site "Reykjavik ISL"]
[Date "2018.03.14"]
[Round "9.100"]
[White "Sigurvaldason, Hjalmar"]
[Black "Sigurthorsson, Kristinn J"]
[Result "0-1"]
[WhiteElo "1499"]
[BlackElo "1744"]
[WhiteFideId "2306018"]
[BlackFideId "2311585"]
[EventDate "2018.03.06"]
[EventType "swiss"]

1. d4 d5 2. Bf4 c6 3. e3 e6 4. c3 h5 5. h3 Bd6 6. Bxd6 Qxd6 7. Nf3 h4 8. Nbd2
Nd7 9. Bd3 e5 10. dxe5 Nxe5 11. Nxe5 Qxe5 12. Nf3 Qe7 13. Qc2 Nh6 14. O-O-O Bd7
15. e4 dxe4 16. Bxe4 O-O-O 17. Nd4 f5 18. Bf3 Qf6 19. Kb1 g5 20. g3 g4 21. hxg4
fxg4 22. Be4 h3 23. f4 gxf3 24. Bxf3 Ng4 25. Bxg4 Bxg4 26. Rdf1 Qg5 27. Rf4 Rd5
28. Qe4 Bd7 29. Qf3 Qg6+ 30. Ka1 Qd6 31. Rf1 c5 32. Nf5 Bxf5 33. Rxf5 Rd8 34.
Rxd5 Qxd5 35. Qg4+ Qd7 36. Qe2 h2 37. Rh1 Qd5 38. Qf1 Qd2 39. a3 Re8 40. Qh3+
Kc7 41. Rxh2 Re1+ 42. Ka2 Qd5+ 43. b3 a6 44. g4 Qd1 45. Qg3+ Kb6 46. Rh6+ Ka7
47. Rxa6+ Kxa6 0-1

[Event "Reykjavik Open 2018"]
[Site "Reykjavik ISL"]
[Date "2018.03.14"]
[Round "9.102"]
[White "Magnusdottir, Veronika Steinunn"]
[Black "Gudmundsson, Gunnar Erik"]
[Result "1-0"]
[WhiteElo "1735"]
[BlackElo "1511"]
[WhiteFideId "2309114"]
[BlackFideId "2314339"]
[EventDate "2018.03.06"]
[EventType "swiss"]

1. e4 c5 2. Nf3 e6 3. d4 cxd4 4. Nxd4 a6 5. Nc3 Qc7 6. Be2 Bb4 7. Qd3 Ne7 8. O-O
O-O 9. Kh1 d5 10. exd5 Bxc3 11. d6 Qxd6 12. Qxc3 Nd5 13. Qf3 Qe7 14. c3 Nd7 15.
Bd3 Re8 16. Re1 Rb8 17. Qg3 Qf8 18. Bg5 Ra8 19. Qh4 h6 20. Bd2 Rd8 21. Rxe6 Nc5
22. Rxh6 gxh6 23. Bxh6 Nxd3 24. Bxf8 Nxf2+ 25. Qxf2 Rxf8 26. Qg3+ Kh7 27. Qh4+
Kg6 28. Qe4+ Kh6 29. Qxd5 Bg4 30. Re1 b5 31. h3 Bh5 32. Nf5+ Kh7 33. Qd2 Kg6 34.
g4 1-0

[Event "Reykjavik Open 2018"]
[Site "Reykjavik ISL"]
[Date "2018.03.14"]
[Round "9.103"]
[White "Thorsson, Pall"]
[Black "Tsanaclis, Albert"]
[Result "1-0"]
[WhiteElo "1693"]
[BlackElo "1429"]
[WhiteFideId "2304406"]
[BlackFideId "2624834"]
[EventDate "2018.03.06"]
[EventType "swiss"]

1. e4 c5 2. Nc3 Nc6 3. g3 g6 4. d3 Bg7 5. Bg2 d6 6. Nge2 Nf6 7. O-O h5 8. h3 Bd7
9. f4 Qc8 10. Kh2 Rb8 11. e5 dxe5 12. fxe5 Nh7 13. Nf4 Bxe5 14. Nfd5 h4 15. Qe2
hxg3+ 16. Kg1 Be6 17. Nxe7 Kxe7 18. Bf4 Bxf4 19. Nd5+ Kd8 20. Nxf4 Ng5 21. Rae1
Bxh3 22. Bxc6 Qxc6 23. Qe5 Bxf1 24. Qxh8+ Kc7 25. Qe5+ Qd6 26. Nd5+ Kc6 27. Ne7+
Kd7 28. Qxg5 Qd4+ 29. Re3 g2 30. Nd5 Rh8 31. Qe7+ Kc6 32. Qc7+ Kb5 33. Qxb7+ Ka5
34. Qxa7+ Kb5 35. a4+ Qxa4 36. Qb6# 1-0

[Event "Reykjavik Open 2018"]
[Site "Reykjavik ISL"]
[Date "2018.03.14"]
[Round "9.106"]
[White "Karlsson, Isak Orri"]
[Black "Fjallheim, Elmar Reinert"]
[Result "1/2-1/2"]
[WhiteElo "1288"]
[BlackElo "1644"]
[WhiteFideId "2312530"]
[BlackFideId "7201095"]
[EventDate "2018.03.06"]
[EventType "swiss"]

1. d4 e6 2. c4 Bb4+ 3. Bd2 Bxd2+ 4. Qxd2 d5 5. Nc3 Nf6 6. Nf3 Nbd7 7. e3 c5 8.
Bd3 Qc7 9. cxd5 c4 10. dxe6 fxe6 11. Be2 O-O 12. Rc1 a6 13. a4 Nb6 14. a5 Nbd5
15. Ne5 Nxc3 16. Qxc3 Ne4 17. Qb4 Rxf2 18. Bxc4 Kh8 19. Rf1 Rxf1+ 20. Kxf1 Nd6
21. Rc3 Qe7 22. e4 Bd7 23. Rf3 Rf8 24. Rxf8+ Qxf8+ 25. Nf3 Qf4 26. Be2 Qc1+ 27.
Ne1 Qf4+ 28. Nf3 Kg8 29. e5 Nb5 30. g3 Qf5 31. Kg1 Bc6 32. Nd2 Nc7 33. Qe7 Qf7
34. Qxf7+ Kxf7 35. Nc4 Nb5 36. Nd6+ Nxd6 37. exd6 Ke8 38. Bd3 h6 39. Kf2 Kd7 40.
Ke3 Kxd6 41. Kf4 g5+ 42. Ke3 e5 43. Be4 Bd5 44. dxe5+ Kxe5 45. Bxd5 Kxd5 46. Kd3
h5 47. h3 Ke5 48. Ke3 Kd5 49. h4 gxh4 50. gxh4 Ke5 51. Kf3 Kf5 1/2-1/2

[Event "Reykjavik Open 2018"]
[Site "Reykjavik ISL"]
[Date "2018.03.14"]
[Round "9.107"]
[White "Hannesson, Sigurdur Orn"]
[Black "Stefansson, Benedikt"]
[Result "1-0"]
[WhiteElo "1623"]
[BlackElo "1297"]
[WhiteFideId "2316056"]
[BlackFideId "2312379"]
[EventDate "2018.03.06"]
[EventType "swiss"]

1. d4 Nf6 2. c4 g6 3. Nc3 d5 4. Nf3 Bg7 5. h3 dxc4 6. Qa4+ Nbd7 7. Bf4 a6 8. e3
O-O 9. Qxc4 c6 10. Bd3 Nb6 11. Qb3 Nbd5 12. Bh2 b5 13. Ne5 Bb7 14. O-O a5 15.
Rac1 a4 16. Qd1 Rc8 17. a3 Bh6 18. Ne4 Nxe3 19. fxe3 Bxe3+ 20. Kh1 Bxc1 21. Qxc1
Qxd4 22. Nc5 Ba8 23. Rd1 Rcd8 24. Be2 Qf2 25. Re1 Rd5 26. Ncd3 Qb6 27. Bf3 Rdd8
28. Nc5 Qa5 29. Bxc6 Rc8 30. Bxa8 Rxc5 31. Qxc5 Qxe1+ 32. Bg1 Rxa8 33. Qxe7 Qf1
34. Qxf7+ Kh8 35. Ng4 Ne4 36. Qd5 Re8 37. Qd4+ Kg8 38. Nh6+ Kf8 39. Qh8+ Ke7 40.
Qxh7+ Kd8 41. Qxg6 Re7 42. Nf5 Qxf5 43. Bb6+ Kd7 44. Qxf5+ Kc6 45. Qg6+ Kb7 46.
Bd4 Nd2 47. Qb6+ Kc8 48. Qc6+ Rc7 49. Qa6+ Kd7 50. Qxb5+ Kc8 51. Qf5+ Kb7 52.
Kh2 1-0

[Event "Reykjavik Open 2018"]
[Site "Reykjavik ISL"]
[Date "2018.03.14"]
[Round "9.108"]
[White "Gunnarsson, Baltasar Mani Wedhol"]
[Black "Henderson, S E"]
[Result "1-0"]
[WhiteElo "1270"]
[BlackElo "1582"]
[WhiteFideId "2311917"]
[BlackFideId "2081679"]
[EventDate "2018.03.06"]
[EventType "swiss"]

1. e4 e5 2. Nf3 Nc6 3. Bc4 Be7 4. O-O Nf6 5. d3 d6 6. h3 O-O 7. Nc3 Na5 8. Bb3
c5 9. Bg5 Be6 10. Bxf6 Bxf6 11. Nh2 Nc6 12. Ne2 Nd4 13. Nxd4 exd4 14. Rc1 b5 15.
c3 Rc8 16. Bxe6 fxe6 17. cxd4 cxd4 18. Rxc8 Qxc8 19. f4 Qd7 20. Nf3 e5 21. f5
Rc8 22. Qd2 Rc5 23. Rc1 Qc7 24. Rxc5 dxc5 25. b3 a5 26. a3 a4 27. bxa4 bxa4 28.
Qc2 Qc6 29. Nd2 h6 30. Nc4 Qb5 31. Nb2 Qb3 32. Qc4+ Qxc4 33. Nxc4 Kf7 34. g3 Ke7
35. Kf2 Kd7 36. Ke2 Kc6 37. Kd1 h5 38. h4 Kb5 39. Kc2 Bd8 40. Nxe5 Bc7 41. Ng6
Bxg3 42. e5 Kc6 43. f6 gxf6 44. exf6 Kd7 45. f7 Bd6 46. f8=Q Bxf8 47. Nxf8+ Kd6
48. Ng6 Ke6 49. Nf4+ Kf5 50. Nxh5 Kg4 51. Ng7 Kxh4 52. Ne6 Kg4 53. Nxc5 Kf4 54.
Nxa4 Ke5 55. Nc5 Kd5 56. Nb3 Ke5 57. a4 Kd5 58. a5 Kd6 59. Nxd4 Kc5 60. Nb3+ Kc6
61. d4 Kd5 62. Kc3 Kd6 63. Kc4 Kc6 64. d5+ Kc7 65. a6 Kc8 66. d6 Kb8 67. d7 Ka7
68. Kb5 1-0

[Event "Reykjavik Open 2018"]
[Site "Reykjavik ISL"]
[Date "2018.03.14"]
[Round "9.109"]
[White "Walker, Gordon J"]
[Black "Thorisson, Benedikt"]
[Result "0-1"]
[WhiteElo "1509"]
[BlackElo "1214"]
[WhiteFideId "2406497"]
[BlackFideId "2314576"]
[EventDate "2018.03.06"]
[EventType "swiss"]

1. d4 d5 2. c4 e6 3. Nf3 Nf6 4. Bg5 Be7 5. Qc2 b6 6. Nbd2 Nbd7 7. e3 Bb7 8. Bd3
c5 9. O-O h6 10. Bh4 O-O 11. Rfe1 Rc8 12. b3 Qc7 13. cxd5 Bxd5 14. e4 Bb7 15. e5
Nd5 16. Bxe7 Nxe7 17. Ne4 cxd4 18. Qxc7 Rxc7 19. Nd6 Bxf3 20. gxf3 Nd5 21. Re4
Nc3 22. Ree1 Rd8 23. Rac1 Nxe5 24. Rxe5 Rxd6 25. Kg2 Rd5 26. f4 Rxe5 27. fxe5
Rc5 28. f4 Nd5 29. Rxc5 bxc5 30. Kf3 f6 31. f5 exf5 32. Bc4 fxe5 33. Bxd5+ Kf8
34. Bc4 Ke7 35. Bf1 g5 36. h3 Kd6 37. a3 a5 38. Bc4 e4+ 39. Kf2 Ke5 40. Kg3 f4+
41. Kf2 d3 42. Ke1 Kd4 43. Kd2 f3 44. Ke1 Ke3 45. Bb5 h5 46. Bc4 g4 47. hxg4
hxg4 48. Be6 d2+ 49. Kd1 f2 0-1

[Event "Reykjavik Open 2018"]
[Site "Reykjavik ISL"]
[Date "2018.03.14"]
[Round "9.110"]
[White "Alexandersson, Orn"]
[Black "Sigfusson, Ottar Orn Bergmann"]
[Result "1/2-1/2"]
[WhiteElo "1466"]
[BlackElo "1100"]
[WhiteFideId "2315912"]
[BlackFideId "2313057"]
[EventDate "2018.03.06"]
[EventType "swiss"]

1. d4 Nf6 2. c4 e6 3. Nf3 b6 4. a3 Bb7 5. Nc3 Be7 6. Qc2 O-O 7. e4 d5 8. e5 Nfd7
9. cxd5 exd5 10. Bd3 Re8 11. Bxh7+ Kf8 12. h4 c5 13. e6 Bf6 14. Be3 Rxe6 15.
O-O-O Nc6 16. dxc5 Bxc3 17. Qxc3 Qf6 18. Qxf6 Nxf6 19. Bf5 Ree8 20. cxb6 axb6
21. Bxb6 g6 22. Bc5+ Kg7 23. Bc2 Rac8 24. Nd4 Ne4 25. Bxe4 Nxd4 26. Rxd4 Rxc5+
27. Bc2 Rec8 28. Rd2 d4 29. Kb1 Bxg2 30. Rg1 Bd5 31. h5 Ba2+ 32. Kxa2 Rxc2 33.
Rxc2 Rxc2 34. hxg6 fxg6 35. Rd1 Rxf2 36. Rxd4 g5 37. Kb1 Kh6 38. b4 Kh5 39. Rd8
g4 40. Rh8+ Kg5 41. Rg8+ Kh4 42. Rh8+ Kg3 43. b5 Rf5 44. a4 Rf4 45. Ka2 Rxa4+
46. Kb3 Ra7 47. b6 Rb7 48. Rh6 Kf2 49. Kc4 g3 50. Rf6+ Kg1 51. Kb5 g2 52. Kc6
Rh7 53. b7 Kh2 54. Rg6 Rxb7 55. Rh6+ Kg1 56. Kxb7 Kf1 57. Rf6+ Ke1 58. Re6+ Kf1
59. Rf6+ Ke1 60. Rg6 Kf1 61. Rf6+ Ke1 1/2-1/2

[Event "Reykjavik Open 2018"]
[Site "Reykjavik ISL"]
[Date "2018.03.14"]
[Round "9.111"]
[White "Mancini, Pietro"]
[Black "Magnusson, Thorsteinn"]
[Result "1-0"]
[WhiteElo "1020"]
[BlackElo "1435"]
[WhiteFideId "2854541"]
[BlackFideId "2310287"]
[EventDate "2018.03.06"]
[EventType "swiss"]

1. d4 d5 2. Nf3 c5 3. c3 Nc6 4. Bf4 cxd4 5. cxd4 Qb6 6. Qd2 Bf5 7. e3 Nb4 8. Na3
a6 9. Be2 Rc8 10. O-O Nc2 11. g4 Be4 12. Rfc1 Qxb2 13. Ne1 Qxa3 14. Nxc2 Qa4 15.
Bd3 Qd7 16. Ne1 Qxg4+ 17. Bg3 Rxc1 18. Rxc1 Bxd3 19. Nxd3 Nf6 20. Qa5 Qd7 21.
Ne5 Qd8 22. Qa4+ b5 23. Qxa6 e6 24. Rc8 1-0